000 00314nam a2200145Ia 4500
100 _aJutz/H & Scharkus/E
650 _aChemistry
942 _cBK
654 _aTables
245 _aWestermann Tables
260 _bWILEY EASTERN LIMITED
_aNewDelhi
_c1976
082 _a620.1
300 _a154
546 _aENGLISH
999 _c23449
_d23449